| 000 | 00737nam a2200265 a 4500 | ||
|---|---|---|---|
| 003 | MX-MxUPN | ||
| 005 | 20240921063853.0 | ||
| 008 | 991125s1913 sp gr 001 0 spa d | ||
| 035 | _aUPN01000043965 | ||
| 040 |
_aMX-MxUPN _bspa _cMX-MxUPN |
||
| 041 | _aspa | ||
| 050 | 4 |
_aLB1051 _bR5.68 |
|
| 100 | 1 |
_aRichard, Gaston _953655 |
|
| 245 | 1 | 0 | _aPedagogía experimental |
| 260 |
_aMadrid : _bDaniel Jorro, editor, _c1913. |
||
| 300 | _a440 páginas | ||
| 504 | _aIncluye índices. | ||
| 650 | 2 |
_aEnseñanza _xInvestigación _920071 |
|
| 650 | 4 |
_aPsicopedagogía _95085 |
|
| 700 | 1 |
_940966 _aGonzález, A. Anselmo _etraducción |
|
| 902 | _bMaríaRobles/200924 | ||
| 904 |
_aAC _b043967 |
||
| 905 | _aLibro | ||
| 942 |
_2lcc _cLIBRO _n0 |
||
| 999 |
_c43965 _d43965 |
||